000 00352nam a22001217a 4500
008 230627b |||||||| |||| 00| 0 eng d
022 _a0033-4359
040 _aNational Science Library
_cNational Science Library
245 _aHaryana veterinarian
260 _aHaryana:
_bHaryana Agricultural University,
_c1962
310 _aHalf-yearly
942 _cCR
999 _c47549
_d47549